00829nam a2200241Ia 4500001000600000003000900006008004100015040001300056040001300069041001300082100002400095100002900119245005400148245007300202250001100275260000900286260002000295260004900315300005700364500011100421650002400532650003100556 6700IT-RoPAU130308s9999 xx 000 0 und d aIT-RoPAU cIT-RoPAU aITALIANO aRosenheim Edward W. gCodice Aut. SPICS: 1883 aValutazioni dell'adulto sulle letture dei bambini bGenitori, ragazzi e Libri-Prospettive psicosociologiche ed Estetiche a1a ed. aROMA bArmando Armando c1970 [1° Ed.:1970 - Ed.Ling.Originale:1967] a"22 p. (prefazione: no ; testo: 22 [pagine: 17-38])" aPiacere della Lettura motivi Fondamentali della Letteratura Letteratura per ragazzi Familiare o Romantica? aEDUCAZIONE AL LIBRO eCodice materia Spics: 6612